Construcciones para la historia del Somontano en el Alto Aragón (Record no. 66771)
[ view plain ]
| 000 -LEADER | |
|---|---|
| campo de control de longitud fija | 00927nam a2200229 i 4500 |
| 001 - NÚMERO DE CONTROL | |
| campo de control | 66771 |
| 003 - IDENTIFICADOR DE NÚMERO DE CONTROL | |
| campo de control | ES-MaACL |
| 005 - FECHA Y HORA DE LA ÚLTIMA TRANSACCIÓN | |
| campo de control | 20230906165827.0 |
| 007 - CAMPO FIJO DE DESCRIPCIÓN FÍSICA--INFORMACIÓN GENERAL | |
| campo de control de longitud fija | t| |
| 008 - DATOS DE LONGITUD FIJA--INFORMACIÓN GENERAL | |
| campo de control de longitud fija | 980601s1996 sp ae |||| | spa d |
| 020 ## - NÚMERO INTERNACIONAL ESTÁNDAR DEL LIBRO | |
| Número Internacional Estándar del Libro | 84-87131-01-8 |
| 080 ## - NÚMERO DE LA CLASIFICACIÓN DECIMAL UNIVERSAL | |
| Número de la Clasificación Decimal Universal | 904(460.222 Somontano) |
| 100 1# - ENTRADA PRINCIPAL--NOMBRE DE PERSONA | |
| Nombre de persona | Naval Mas, Antonio. |
| 9 (RLIN) | 85023 |
| 245 10 - MENCIÓN DEL TÍTULO | |
| Título | Construcciones para la historia del Somontano en el Alto Aragón |
| Resto del título | : estudio histórico-arqueológico / |
| Mención de responsabilidad, etc. | Antonio Naval Mas ; con la colaboración del Área de Cultura (Diputación Provincial de Huesca)... [et al.]. |
| 260 ## - PUBLICACIÓN, DISTRIBUCIÓN, ETC. | |
| Lugar de publicación, distribución, etc. | Huesca : |
| Nombre del editor, distribuidor, etc. | Cremallo, |
| Fecha de publicación, distribución, etc. | 1996. |
| 300 ## - DESCRIPCIÓN FÍSICA | |
| Extensión | 379 p. : |
| Otras características físicas | il. ; |
| Dimensiones | 30 cm + |
| Material acompañante/anejo | 1 plano. |
| 650 04 - PUNTO DE ACCESO ADICIONAL DE MATERIA--TÉRMINO DE MATERIA | |
| Término de materia o nombre geográfico como elemento de entrada | Arquitectura popular- |
| Subdivisión geográfica | Somontano de Barbastro. |
| 9 (RLIN) | 10045 |
| 650 #4 - PUNTO DE ACCESO ADICIONAL DE MATERIA--TÉRMINO DE MATERIA | |
| Término de materia o nombre geográfico como elemento de entrada | Construcciones agrícolas. |
| 9 (RLIN) | 157609 |
| 651 #4 - PUNTO DE ACCESO ADICIONAL DE MATERIA--NOMBRE GEOGRÁFICO | |
| Nombre geográfico | Somontano de Barbastro- |
| Subdivisión general | Restos arqueológicos. |
| 9 (RLIN) | 9405 |
| 710 1# - ENTRADA AGREGADA--NOMBRE DE ENTIDAD CORPORATIVA | |
| Nombre de entidad corporativa o nombre de jurisdicción como elemento de entrada | Huelva (Provincia). |
| Unidad subordinada | Diputación Provincial. |
| 9 (RLIN) | 4624 |
| 852 ## - LOCALIZACIÓN | |
| Ubicación | ES-MaACL |
| Número de control de estantería | L-27263 |
| Estatus retirado | Estado de pérdida | Estado de daño | No para préstamo | Biblioteca de origen | Biblioteca actual | Ubicación en estantería | Fecha de adquisición | Fuente de adquisición | Total de préstamos | Signatura topográfica completa | Código de barras | Visto por última vez | Precio de reemplazo | Tipo de ítem Koha |
|---|---|---|---|---|---|---|---|---|---|---|---|---|---|---|
| Biblioteca del Ateneo de Madrid | Biblioteca del Ateneo de Madrid | Depósito 2 | 17/01/2008 | L-27263 | 1069937 | 23/02/2023 | 23/02/2023 | Libro impreso |
